MERCHANT OF DEATH / (Record no. 616629)

000 -LEADER
fixed length control field 00338nam a22001337a 4500
020 ## - INTERNATIONAL STANDARD BOOK NUMBER
Qualifying information HB.
040 ## - CATALOGING SOURCE
Transcribing agency FIZZA ISHAQ
082 ## - DEWEY DECIMAL CLASSIFICATION NUMBER
Classification number 813.54
Author Mark STE
100 ## - MAIN ENTRY--PERSONAL NAME
Personal name BRAUN,STEPHEN.
9 (RLIN) 133666
245 ## - TITLE STATEMENT
Title MERCHANT OF DEATH /
Statement of responsibility, etc. STEPHEN BRAUN.
260 ## - PUBLICATION, DISTRIBUTION, ETC.
Place of publication, distribution, etc. NEW YORK ;
Name of publisher, distributor, etc. JOHN WILEY & SONS,
Date of publication, distribution, etc. 2007.
300 ## - PHYSICAL DESCRIPTION
Extent 308 P. ;
Dimensions 9.4X6.1IN
942 ## - ADDED ENTRY ELEMENTS (KOHA)
Source of classification or shelving scheme
Koha item type Book
Holdings
Withdrawn status Lost status Source of classification or shelving scheme Damaged status Not for loan Permanent Location Current Location Shelving location Date acquired Total Checkouts Full call number Barcode Date last seen Price effective from Koha item type
          NUST Baluchistan Campus (NBC) NUST Baluchistan Campus (NBC) Reference 03/11/2026   813.54 STE QD-409 03/11/2026 03/11/2026 Book
© 2023 Central Library, National University of Sciences and Technology. All Rights Reserved.